Old Macdonald on his farm / (Record no. 9029)
[ view plain ]
| 000 -LEADER | |
|---|---|
| fixed length control field | 01111nam a22002537a 4500 |
| 001 - CONTROL NUMBER | |
| control field | 9029 |
| 003 - CONTROL NUMBER IDENTIFIER | |
| control field | FISKH |
| 005 - DATE AND TIME OF LATEST TRANSACTION | |
| control field | 20251114160952.0 |
| 008 - FIXED-LENGTH DATA ELEMENTS--GENERAL INFORMATION | |
| fixed length control field | 251114b cb ||||| |||| 00| 0 eng d |
| 020 ## - INTERNATIONAL STANDARD BOOK NUMBER | |
| International Standard Book Number | 9781841351957 |
| 040 ## - CATALOGING SOURCE | |
| Original cataloging agency | FISKH |
| Language of cataloging | eng |
| Transcribing agency | FISKH |
| Modifying agency | FISKH |
| 082 ## - DEWEY DECIMAL CLASSIFICATION NUMBER | |
| Classification number | 428.6 |
| 100 ## - MAIN ENTRY--PERSONAL NAME | |
| Personal name | Andrews, Jackie |
| 245 ## - TITLE STATEMENT | |
| Title | Old Macdonald on his farm / |
| Statement of responsibility, etc. | Rewritten by Jackie Andrews ; Illustrated by John Benett |
| 260 ## - PUBLICATION, DISTRIBUTION, ETC. | |
| Place of publication, distribution, etc. | Nottinghamshire : |
| Name of publisher, distributor, etc. | Award Publication, |
| Date of publication, distribution, etc. | 2003. |
| 300 ## - PHYSICAL DESCRIPTION | |
| Extent | 26 unnumbered pages : |
| Other physical details | color illustrations ; |
| Dimensions | 26 cm |
| 505 ## - FORMATTED CONTENTS NOTE | |
| Formatted contents note | aa<br/> |
| 520 ## - SUMMARY, ETC. | |
| Summary, etc. | Generations of children have delighted at joining in with this classic nursery rhyme. With simple text in large type, to encourage the reading confidence of young readers, each story is packed with bright, colourful illustrations to bring the story to life. Perfect for sharing together at story time, or for youngsters to embark on their own, independent, reading adventures. |
| 521 8# - TARGET AUDIENCE NOTE | |
| Target audience note | 10<br/> |
| Source | Lexile estimate<br/> |
| 521 8# - TARGET AUDIENCE NOTE | |
| Target audience note | aa<br/> |
| Source | Raz-Plus<br/> |
| 700 ## - ADDED ENTRY--PERSONAL NAME | |
| Personal name | Benett, John |
| Relator term | illustrator |
| 942 ## - ADDED ENTRY ELEMENTS (KOHA) | |
| Source of classification or shelving scheme | Dewey Decimal Classification |
| Koha item type | Books |
| Suppress in OPAC | No |
| Withdrawn status | Lost status | Source of classification or shelving scheme | Damaged status | Not for loan | Collection | Home library | Current library | Shelving location | Date acquired | Total Checkouts | Full call number | Barcode | Date last seen | Copy number | Price effective from | Koha item type |
|---|---|---|---|---|---|---|---|---|---|---|---|---|---|---|---|---|
| Dewey Decimal Classification | Juvenile Fiction | Footprints International School Library Network Toul Tom Poung Campus | Footprints International School Library Network Toul Tom Poung Campus | TTP Primary Green Bookshelves | 11/14/2025 | AND 428.6 PZ7 | FISBK05584 | 11/14/2025 | 1 | 11/14/2025 | Books |
